[Event "Titled Tue 27th May Late"]
[Site "chess.com INT"]
[Date "2025.05.27"]
[Round "5"]
[White "Brancaleoni, Maurizio"]
[Black "Hoeffer, David"]
[Result "1-0"]
[WhiteTitle "FM"]
[BlackTitle "FM"]
[WhiteElo "2185"]
[BlackElo "2295"]
[WhiteFideId "803022"]
[BlackFideId "24606766"]
[EventDate "2025.05.27"]

1. Nf3 Nc6 2. d4 d5 3. e3 Bf5 4. Bb5 e6 5. c4 Bb4+ 6. Bd2 Bxd2+ 7. Nbxd2 Ne7 8.
cxd5 exd5 9. O-O O-O 10. Rc1 a6 11. Be2 Ng6 12. Nb3 Nce7 13. Nc5 b6 14. Nd3 Rc8
15. Nde5 c5 16. dxc5 bxc5 17. Bxa6 Nxe5 18. Nxe5 Ra8 19. Bd3 Bxd3 20. Qxd3 c4
21. Qb1 Qd6 22. Nf3 Rfb8 23. b3 Qa3 24. Nd4 Qxa2 25. Qxa2 Rxa2 26. bxc4 dxc4 27.
Rxc4 g6 28. g3 Rbb2 29. h4 h5 30. e4 Kg7 31. Nf3 Kf6 32. Rc7 Ng8 33. e5+ Ke6 34.
Ng5+ Kxe5 35. Nxf7+ Kf6 36. Ng5 Ne7 37. Re1 Re2 38. Rxe2 Rxe2 39. Kg2 Ra2 40.
Rb7 Nf5 41. Rf7+ Ke5 42. Rb7 Ne3+ 43. Kg1 Ng4 44. Nh3 Kf6 45. Rb6+ Kg7 46. Rb4
Ra1+ 47. Kg2 Ra2 48. Rf4 Ne3+ 49. Kg1 Ra1+ 50. Kh2 Nd5 51. Rf3 Nf6 52. Ng5 Ng4+
53. Kg2 Ra2 54. Rf7+ Kg8 55. Rf4 Ne3+ 56. Kg1 Nf5 57. Nh3 Kg7 58. Rb4 Kf6 59.
Rb6+ Kg7 60. Nf4 Ne7 61. Rb7 Kf6 62. Rb6+ Kf7 63. Kg2 Ra7 64. Rd6 Rb7 65. Ra6
Rc7 66. Nh3 Rb7 67. Ng5+ Kg7 68. Ne6+ Kh7 69. Nc5 Rc7 70. Ne4 Nf5 71. Nf6+ Kh6
72. Nd5 Rb7 73. Nf4 Ne7 74. Re6 Kg7 75. Rd6 Ra7 76. Rb6 Rc7 77. Ne6+ 1-0

[Event "Titled Tue 27th May Late"]
[Site "chess.com INT"]
[Date "2025.05.27"]
[Round "5"]
[White "Rustemov, Alexander"]
[Black "Srinath, Rao S.V."]
[Result "0-1"]
[WhiteTitle "GM"]
[BlackTitle "IM"]
[WhiteElo "2525"]
[BlackElo "2299"]
[WhiteFideId "4119002"]
[BlackFideId "5028876"]
[EventDate "2025.05.27"]

1. d4 Nf6 2. c4 e6 3. Nf3 b6 4. a3 Bb7 5. Nc3 d5 6. Bg5 Be7 7. Bxf6 Bxf6 8. cxd5
exd5 9. Qa4+ c6 10. g3 Nd7 11. Bg2 O-O 12. O-O Re8 13. Rfe1 c5 14. Rad1 a6 15.
dxc5 Nxc5 16. Qf4 Ne6 17. Qg4 Bxc3 18. bxc3 Qf6 19. Nd4 Rac8 20. Rd3 Nxd4 21.
Qxd4 Qxd4 22. cxd4 Rc2 23. Bf3 b5 24. Rb1 Rc4 25. g4 g5 26. Kg2 Kg7 27. Kg3 h6
28. h4 Rec8 29. Rbb3 Bc6 30. e3 a5 31. Rd2 b4 32. axb4 axb4 33. Rdb2 Rb8 34. Be2
Rc1 35. Rxb4 Rxb4 36. Rxb4 Rg1+ 37. Kh2 Re1 38. Bf3 gxh4 39. Rb6 Bd7 40. Rd6 Be6
41. Bxd5 Bxg4 42. Ra6 Rf1 43. Ra2 Kg6 44. Bg2 Re1 45. f3 Be6 46. Rd2 Rxe3 47. d5
Bd7 48. Bh3 f5 49. Kg2 Kf6 50. Kf2 Rc3 51. Rd4 Kg5 52. d6 Rc2+ 53. Ke3 f4+ 54.
Ke4 Re2+ 55. Kd3 Re3+ 56. Kc4 Bxh3 57. d7 Bxd7 58. Rxd7 h3 59. Rg7+ Kh5 60. Rg1
Rxf3 61. Kd4 h2 62. Rh1 Rf2 63. Ke4 Kg4 64. Rc1 Kg3 65. Rc8 h1=Q+ 66. Kd3 Qd1+
67. Kc3 Rc2+ 68. Kb4 Qb1+ 69. Ka3 Ra2# 0-1

[Event "Titled Tue 27th May Late"]
[Site "chess.com INT"]
[Date "2025.05.27"]
[Round "5"]
[White "Jumabayev, Rinat"]
[Black "Firouzja, Alireza"]
[Result "1/2-1/2"]
[WhiteTitle "GM"]
[BlackTitle "GM"]
[WhiteElo "2551"]
[BlackElo "2757"]
[WhiteFideId "13702661"]
[BlackFideId "12573981"]
[EventDate "2025.05.27"]

1. Nf3 Nf6 2. c4 g6 3. g3 Bg7 4. Bg2 O-O 5. O-O d6 6. Nc3 c6 7. d4 Bf5 8. Qb3
Qb6 9. Re1 Ne4 10. Nh4 Nxc3 11. Nxf5 gxf5 12. bxc3 Qxb3 13. axb3 Nd7 14. Bh3 e6
15. Ba3 c5 16. Red1 b6 17. Bc1 Nf6 18. f3 Rfc8 19. d5 Ne8 20. Bb2 Rc7 21. dxe6
fxe6 22. e4 fxe4 23. Bxe6+ Kh8 24. Bd5 Rd8 25. Bxe4 Nf6 26. Bf5 Re7 27. Kf2 Rde8
28. Re1 d5 29. Rxe7 Rxe7 30. Bd3 Rd7 31. Re1 dxc4 32. Bxc4 Bh6 33. Re2 Rd1 34.
Be6 Bc1 35. Ba1 Bd2 36. c4 Rxa1 37. Rxd2 Rb1 38. g4 h6 39. h4 Rxb3 40. g5 hxg5
41. hxg5 Nh5 42. Rd8+ Kg7 43. Bf5 Rb2+ 44. Ke3 Rb3+ 45. Kf2 Rb2+ 46. Ke1 Nf4 47.
Rd7+ Kf8 48. g6 Re2+ 49. Kf1 Re7 50. Rd6 Kg7 51. Kf2 Nh5 52. Bd3 Nf6 53. f4 Rd7
54. Rxd7+ Nxd7 55. Kf3 Kf6 56. f5 Ne5+ 57. Ke4 Nxd3 58. Kxd3 a6 59. Ke4 b5 60.
Kd5 b4 61. Ke4 a5 62. Kd3 a4 63. Kc2 a3 64. Kb3 Kg7 65. Ka2 Kf6 66. Kb3 Kg7 67.
Ka2 Kf6 68. Kb3 1/2-1/2

[Event "Titled Tue 27th May Late"]
[Site "chess.com INT"]
[Date "2025.05.27"]
[Round "5"]
[White "Popovic, Dobrivoj"]
[Black "Moiseenko, Alexander"]
[Result "1/2-1/2"]
[WhiteTitle "CM"]
[BlackTitle "GM"]
[WhiteElo "1945"]
[BlackElo "2568"]
[WhiteFideId "907103"]
[BlackFideId "14102560"]
[EventDate "2025.05.27"]

1. e4 c5 2. c3 Nf6 3. e5 Nd5 4. Nf3 e6 5. d4 cxd4 6. cxd4 d6 7. Bc4 Nc6 8. O-O
Be7 9. Qe2 O-O 10. Bd2 b6 11. Nc3 Nxc3 12. Bxc3 d5 13. Bd3 a5 14. Bc2 Ba6 15.
Bd3 Bxd3 16. Qxd3 Qb8 17. Bd2 Rc8 18. Bg5 Bf8 19. a3 a4 20. Nd2 Na5 21. f4 Qc7
22. f5 Qc2 23. Qe3 exf5 24. Qf3 g6 25. Qxd5 Qc6 26. Qxc6 Rxc6 27. Rac1 Rac8 28.
Nf3 Nb3 29. Rxc6 Rxc6 30. d5 Rc2 31. d6 Nc5 32. Rd1 Nd7 33. Rd2 Rc5 34. Be3 Rc8
35. Bf4 h6 36. h4 b5 37. Nd4 Rc4 38. Bh2 Bg7 39. Nxb5 Rc1+ 40. Kf2 Rc5 41. e6
fxe6 42. Nc7 Kf7 43. Re2 Bd4+ 44. Ke1 e5 45. Kd1 g5 46. hxg5 hxg5 47. Rc2 Rxc2
48. Kxc2 g4 49. b3 axb3+ 50. Kxb3 f4 51. Nb5 g3 52. Bxg3 fxg3 53. Nxd4 exd4 54.
Kc4 Ke6 55. Kxd4 Kxd6 56. Ke4 Nf6+ 57. Kf4 Nh5+ 58. Kg4 Ng7 59. Kxg3 Kc5 60. Kf4
Kb5 61. g4 Ka4 62. Kg5 Ne6+ 63. Kf6 Nf4 64. Kf5 Nh3 65. Kg6 Kxa3 66. Kh5 Kb4 67.
Kh4 Nf4 68. g5 Ne6 69. g6 Kc5 70. Kg4 Kd6 71. Kf5 Ke7 72. Ke5 Ng7 73. Ke4 Kf6
74. Kf4 Ke6 75. Kg4 Ke5 76. Kg5 Ke6 77. Kh6 Kf6 78. Kh7 Ne6 79. Kh6 Ng7 80. Kh7
Nf5 81. g7 Nxg7 1/2-1/2

[Event "Titled Tue 27th May Late"]
[Site "chess.com INT"]
[Date "2025.05.27"]
[Round "5"]
[White "Movahed, Sina"]
[Black "Idani, Pouya"]
[Result "1-0"]
[WhiteTitle "GM"]
[BlackTitle "GM"]
[WhiteElo "2518"]
[BlackElo "2630"]
[WhiteFideId "42520835"]
[BlackFideId "12510130"]
[EventDate "2025.05.27"]

1. Nf3 c5 2. e3 Nf6 3. c4 g6 4. Nc3 Bg7 5. b3 Ne4 6. Bb2 Nxc3 7. Bxc3 Bxc3 8.
dxc3 d6 9. h3 Qc7 10. Bd3 Nd7 11. a4 b6 12. a5 Bb7 13. a6 Bc6 14. O-O O-O 15.
Nd2 Nf6 16. Qe2 d5 17. e4 dxe4 18. Nxe4 Nxe4 19. Bxe4 Qe5 20. Rfe1 Qxe4 21. Qxe4
Bxe4 22. Rxe4 e6 23. b4 Rac8 24. Kf1 Rfd8 25. Ke2 Kf8 26. Rd1 Rxd1 27. Kxd1 h5
28. Kc2 Ke7 29. Kb3 g5 30. Ka4 f5 31. Re2 cxb4 32. Kxb4 Rc5 33. Ra2 h4 34. Ra1
Re5 35. Ra2 g4 36. Rd2 gxh3 37. gxh3 Ra5 38. Rd4 Rxa6 39. Rxh4 Ra2 40. f4 Kd6
41. Rh8 Rb2+ 42. Ka4 Rf2 43. Rd8+ Kc7 44. Ra8 Rxf4 45. Rxa7+ Kc6 46. Kb4 Rf1 47.
Re7 Rb1+ 48. Ka3 Kd6 49. Rf7 Rh1 50. Rh7 f4 51. Ka4 Ke5 52. Kb5 Rb1+ 53. Kc6 Kf6
54. Rh8 e5 55. Rf8+ Ke6 56. h4 Rc1 57. Kxb6 Rxc3 58. c5 Kd5 59. Rd8+ Ke4 60. c6
f3 61. Rf8 Ke3 62. h5 Rb3+ 63. Kc5 Rc3+ 64. Kd5 e4 65. h6 Rc1 66. h7 Rd1+ 67.
Ke5 Rh1 68. h8=Q Rxh8 69. Rxh8 1-0

[Event "Titled Tue 27th May Late"]
[Site "chess.com INT"]
[Date "2025.05.27"]
[Round "5"]
[White "Demchenko, Anton"]
[Black "Barria, Jose"]
[Result "1/2-1/2"]
[WhiteTitle "GM"]
[BlackTitle "FM"]
[WhiteElo "2619"]
[BlackElo "2379"]
[WhiteFideId "4160258"]
[BlackFideId "1939300"]
[EventDate "2025.05.27"]

1. e4 c5 2. Nf3 e6 3. d3 Nc6 4. g3 g6 5. Bg5 Qc7 6. Bg2 Bg7 7. Qc1 h6 8. Be3 b6
9. O-O Bb7 10. c3 Nge7 11. Na3 Rc8 12. Re1 d5 13. Bf4 Qd7 14. Nb5 e5 15. exd5
exf4 16. Qxf4 O-O 17. dxc6 Bxc6 18. Na3 Rce8 19. Nc4 Nd5 20. Qd6 Qxd6 21. Nxd6
Rd8 22. Nc4 b5 23. Na5 Ba8 24. Ne5 Nb6 25. Bxa8 Rxa8 26. Rad1 Rfe8 27. Nec6 a6
28. Kf1 Kf8 29. Nb7 Rac8 30. Nca5 Re7 31. Rxe7 Kxe7 32. d4 Kd7 33. Nxc5+ Kc7 34.
Nd3 Kd6 35. Nb4 Ra8 36. Nb3 Nc4 37. Nc5 a5 38. Nbd3 a4 39. Ne4+ Kd5 40. Nd2
Nxd2+ 41. Rxd2 a3 42. bxa3 Rxa3 43. Rc2 Kc4 44. Nb2+ Kd5 45. Nd1 b4 46. cxb4
Bxd4 47. Ke2 Ra4 48. Nc3+ Bxc3 49. Rxc3 Rxb4 50. Rc2 Ra4 51. Rd2+ Ke4 52. Kf1
Ra3 53. Re2+ Kf5 54. Rb2 h5 55. h3 g5 56. Kg2 h4 57. g4+ Ke4 58. Rb7 Rxa2 59.
Rxf7 Ra5 60. Rf8 Rb5 61. Rf6 Rc5 62. f3+ Ke3 63. Rf5 Rc2+ 64. Kg1 Ra2 65. Kf1
Ra1+ 66. Kg2 Ra2+ 67. Kg1 Ke2 68. Kg2 Kd3+ 69. Kg1 Rb2 70. Kf1 Ke3 71. Kg1 Ra2
72. Kf1 Rf2+ 73. Kg1 Rxf3 74. Rxg5 Rxh3 75. Rf5 Rg3+ 76. Kh2 Rxg4 77. Rf8 Re4
78. Rf7 Rf4 79. Rxf4 Kxf4 80. Kh3 Ke5 81. Kh2 Kd6 82. Kh3 Kc7 83. Kxh4 1/2-1/2

[Event "Titled Tue 27th May Late"]
[Site "chess.com INT"]
[Date "2025.05.27"]
[Round "5"]
[White "Steinberg, Nitzan"]
[Black "Avramidou, Anastasia"]
[Result "1/2-1/2"]
[WhiteTitle "GM"]
[BlackTitle "FM"]
[WhiteElo "2554"]
[BlackElo "2294"]
[WhiteFideId "2801795"]
[BlackFideId "4239873"]
[EventDate "2025.05.27"]

1. e4 e6 2. d4 d5 3. Nc3 Bb4 4. e5 c5 5. Bd2 Ne7 6. Nb5 Bxd2+ 7. Qxd2 O-O 8. f4
cxd4 9. Nf3 Nbc6 10. Bd3 f6 11. O-O Qb6 12. Rae1 a6 13. Nd6 Bd7 14. Kh1 Nb4 15.
Nxd4 Nxd3 16. Qxd3 Nc8 17. Nxc8 Raxc8 18. b3 Bb5 19. Nxb5 Qxb5 20. Qxb5 axb5 21.
Rf2 Rc6 22. g3 Rfc8 23. Ree2 f5 24. Kg1 Ra8 25. Rd2 Rxa2 26. Kg2 Kf7 27. Kf3
Rc3+ 28. Kg2 Ke7 29. Rfe2 Kd7 30. Kf2 h6 31. Ke1 Kc6 32. Kf2 Kc5 33. h3 h5 34.
Kg2 Kb4 35. Kh2 Ka3 36. Rg2 Ra1 37. g4 hxg4 38. hxg4 g6 39. gxf5 gxf5 40. Rg6
Rc6 41. Rg7 Rc1 42. Rxb7 R1xc2 43. Rxc2 Rxc2+ 44. Kg3 b4 45. Rb6 Kxb3 46. Rxe6
Re2 47. Kh4 d4 48. Rd6 Kc3 49. Rc6+ Kd3 50. Rb6 Kc4 51. Rc6+ Kd5 52. Rd6+ Kc5
53. Rd8 b3 54. Rc8+ Kd5 55. Kg5 b2 56. Rb8 d3 57. Kxf5 d2 58. e6 Kc4 59. Rc8+
Kb3 60. Rb8+ Kc2 61. Rc8+ Kb1 62. Rd8 Kc1 63. Rc8+ Kd1 64. Rb8 Ke1 65. Rxb2 d1=Q
66. Rxe2+ Qxe2 67. Kf6 Qb2+ 68. Kg6 Qg2+ 69. Kf6 Qc6 70. f5 Kf2 71. Kf7 Qc7+ 72.
e7 Kf3 73. f6 Kf4 74. Kf8 Qd6 75. Kf7 Qd7 76. Kf8 Qd6 77. Kf7 Qd5+ 78. Kf8 Qc5
79. Kf7 Qc7 80. Kf8 Qc5 81. Kf7 Qc4+ 82. Kf8 Qb4 83. Kf7 Qb3+ 84. Kf8 Qa3 85.
Kf7 Qa2+ 86. Kf8 Qa3 87. Kf7 Qb3+ 88. Kf8 Qb4 89. Kf7 Qc4+ 90. Kf8 Qc5 1/2-1/2

[Event "Titled Tue 27th May Late"]
[Site "chess.com INT"]
[Date "2025.05.27"]
[Round "5"]
[White "Puzyrevsky, Semyon"]
[Black "Gorodetzky, David"]
[Result "1/2-1/2"]
[WhiteTitle "FM"]
[BlackTitle "IM"]
[WhiteElo "2253"]
[BlackElo "2481"]
[WhiteFideId "24240931"]
[BlackFideId "2813416"]
[EventDate "2025.05.27"]

1. e4 e6 2. d4 d5 3. Nd2 a6 4. c3 c5 5. exd5 exd5 6. Ngf3 Nc6 7. Bd3 cxd4 8.
cxd4 Bd6 9. O-O Nge7 10. Re1 O-O 11. Nf1 Bf5 12. Ng3 Bg6 13. Be3 Qb6 14. Bxg6
hxg6 15. Qe2 Rfe8 16. a3 Bxg3 17. hxg3 Nf5 18. Qd2 Na5 19. Rab1 Nc4 20. Qd3
Ncxe3 21. fxe3 Nxg3 22. Ne5 Nf5 23. Rf1 f6 24. Nxg6 Nxe3 25. Rf3 Ng4 26. Rg3 Re4
27. Ne7+ Rxe7 28. Rxg4 Rae8 29. Qf5 Re1+ 30. Rxe1 Rxe1+ 31. Kh2 Qd6+ 32. Rg3 g5
33. Qc8+ Kg7 34. Qxb7+ Re7 35. Qb4 Qxb4 36. axb4 Re2 37. Ra3 Rxb2 38. Ra5 Rxb4
39. Rxd5 Ra4 40. Rd7+ Kg6 41. g4 Ra3 42. Ra7 a5 43. d5 Ra4 44. Kg3 Ra3+ 45. Kg2
a4 46. d6 Rd3 47. Rxa4 Rxd6 48. Ra7 Rd3 49. Rb7 Re3 50. Ra7 Re8 51. Rb7 Rf8 52.
Kf3 Rf7 53. Rb6 Re7 54. Ra6 Kf7 55. Rb6 Rd7 56. Ra6 Rd4 57. Rb6 Ke7 58. Ra6 Rd6
59. Ra1 Rc6 60. Re1+ Kd7 61. Rd1+ Rd6 62. Re1 Rd4 63. Ra1 Ke6 64. Ra5 Rf4+ 65.
Kg3 Rc4 66. Ra6+ Ke5 67. Ra5+ Kd6 68. Ra6+ Rc6 69. Ra5 Rc5 70. Ra8 Kd5 71. Rd8+
Ke4 72. Re8+ Re5 73. Rf8 Re6 74. Rf7 Rd6 75. Re7+ Kd5 76. Re8 Re6 77. Ra8 Rc6
78. Re8 Rc3+ 79. Kf2 Rc4 80. Kf3 Rf4+ 81. Kg3 Kd4 82. Rd8+ Ke3 83. Re8+ Re4 84.
Rf8 Re6 85. Ra8 Rd6 86. Re8+ Kd3 87. Kf3 Rd4 88. Re6 Rf4+ 89. Kg3 Kd4 90. Re8
Kd5 91. Rd8+ Ke6 92. Re8+ Kd6 93. Re1 Rd4 94. Re2 Kd5 95. Re8 Rd3+ 96. Kf2 Rc3
97. Re7 Kd6 1/2-1/2

[Event "Titled Tue 27th May Late"]
[Site "chess.com INT"]
[Date "2025.05.27"]
[Round "6"]
[White "Fascio Outerbridge, Arno Augusto"]
[Black "Chen, Yidong"]
[Result "1-0"]
[WhiteTitle "CM"]
[WhiteElo "2060"]
[BlackElo "2038"]
[WhiteFideId "6610862"]
[BlackFideId "8607028"]
[EventDate "2025.05.27"]

1. Nf3 Nf6 2. d4 g6 3. g3 Bg7 4. Bg2 O-O 5. O-O d6 6. b3 c5 7. c4 cxd4 8. Nxd4
Qc7 9. Nc3 Nc6 10. Bb2 Nxd4 11. Qxd4 Be6 12. Rac1 Nd7 13. Qxg7+ 1-0

[Event "Titled Tue 27th May Late"]
[Site "chess.com INT"]
[Date "2025.05.27"]
[Round "6"]
[White "Perry, Patrick"]
[Black "Garbuz, Vitaliy"]
[Result "0-1"]
[BlackTitle "CM"]
[WhiteElo "2296"]
[BlackElo "2224"]
[WhiteFideId "30917727"]
[BlackFideId "12990710"]
[EventDate "2025.05.27"]

1. e4 c5 2. d4 cxd4 3. Nf3 Nc6 4. Nxd4 g6 5. Nxc6 bxc6 6. Qd4 Nf6 7. e5 Nd5 8.
e6 Nf6 9. exd7+ Qxd7 10. Qxd7+ Bxd7 11. Bd3 Bg7 12. Nd2 O-O 13. O-O Nd5 14. c3
Nf4 15. Bc4 Bf5 16. Nf3 Bd3 17. Rd1 Ne2+ 18. Kf1 Bxc4 19. b4 Nxc3+ 0-1

[Event "Titled Tue 27th May Late"]
[Site "chess.com INT"]
[Date "2025.05.27"]
[Round "6"]
[White "Zhou, Abigail"]
[Black "Alekseev, Evgeny"]
[Result "0-1"]
[WhiteTitle "WCM"]
[BlackTitle "GM"]
[WhiteElo "1744"]
[BlackElo "2516"]
[WhiteFideId "39922081"]
[BlackFideId "4138147"]
[EventDate "2025.05.27"]

1. e4 c5 2. Nf3 e6 3. d4 cxd4 4. Nxd4 Nc6 5. c4 Nf6 6. Nc3 Bb4 7. Nxc6 bxc6 8.
Bd3 e5 9. O-O Bc5 10. Bg5 d6 11. Kh1 h6 12. Bh4 g5 13. Bg3 h5 14. f3 h4 15. Bf2
Nh5 16. Bxc5 dxc5 17. Bc2 Qd4 18. Ba4 Ng3+ 19. hxg3 hxg3# 0-1

[Event "Titled Tue 27th May Late"]
[Site "chess.com INT"]
[Date "2025.05.27"]
[Round "6"]
[White "Rabin, Evan"]
[Black "Pribelszky, Bence"]
[Result "0-1"]
[BlackTitle "IM"]
[WhiteElo "1945"]
[BlackElo "2400"]
[WhiteFideId "2028670"]
[BlackFideId "769738"]
[EventDate "2025.05.27"]

1. e4 e6 2. d4 d5 3. Nd2 Nf6 4. e5 Nfd7 5. c3 c5 6. Bd3 Nc6 7. Ne2 cxd4 8. cxd4
f6 9. exf6 Nxf6 10. Nf3 Bd6 11. Bf4 O-O 12. O-O Bxf4 13. Nxf4 Ne4 14. Qc1 Ng5
15. Nxg5 Qxg5 16. Ne2 Qf6 17. Qe3 Bd7 18. Rac1 Rae8 19. a3 e5 20. dxe5 Nxe5 21.
Qd2 Bh3 22. Ng3 Nf3+ 23. gxf3 Qxf3 0-1

[Event "Titled Tue 27th May Late"]
[Site "chess.com INT"]
[Date "2025.05.27"]
[Round "6"]
[White "Kuznetsov, Felix"]
[Black "Kosakowski, Jakub"]
[Result "0-1"]
[WhiteTitle "FM"]
[BlackTitle "GM"]
[WhiteElo "2170"]
[BlackElo "2530"]
[WhiteFideId "34147990"]
[BlackFideId "1185080"]
[EventDate "2025.05.27"]

1. e4 e5 2. Nc3 Nf6 3. f4 d5 4. fxe5 Nxe4 5. Qf3 Nxc3 6. bxc3 Be7 7. d4 c5 8.
Bd3 Nc6 9. Ne2 O-O 10. O-O Be6 11. Qh5 g6 12. Qh6 c4 13. Ng3 cxd3 14. Nh5 gxh5
15. Rf6 Kh8 16. Bg5 Rg8 17. Qxh5 Rxg5 18. Qxg5 Bxf6 19. exf6 Qg8 0-1

[Event "Titled Tue 27th May Late"]
[Site "chess.com INT"]
[Date "2025.05.27"]
[Round "6"]
[White "Pavlidou, Ekaterini"]
[Black "Raptis, Nick"]
[Result "0-1"]
[WhiteTitle "WIM"]
[BlackTitle "FM"]
[WhiteElo "2198"]
[BlackElo "2220"]
[WhiteFideId "4213262"]
[BlackFideId "2016850"]
[EventDate "2025.05.27"]

1. d4 Nf6 2. c4 g6 3. Nc3 d6 4. e4 Bg7 5. Be3 O-O 6. h3 c5 7. d5 e6 8. Be2 exd5
9. exd5 Re8 10. Bg5 Qa5 11. Qd2 a6 12. a4 b5 13. cxb5 axb5 14. Nxb5 Qxb5 15.
axb5 Rxa1+ 16. Qd1 Rxd1+ 17. Kxd1 Nxd5 18. Nf3 Nb6 19. Bd2 Bxb2 20. Ba5 N8d7 21.
Nd2 d5 22. Bf3 Bb7 23. Nb3 c4 24. Nd2 Bd4 25. Rf1 Ra8 0-1

[Event "Titled Tue 27th May Late"]
[Site "chess.com INT"]
[Date "2025.05.27"]
[Round "6"]
[White "Vazelakis, Dimitrios"]
[Black "Mafra, Kaiser Luiz"]
[Result "1/2-1/2"]
[BlackTitle "CM"]
[WhiteElo "1857"]
[BlackElo "2094"]
[WhiteFideId "4203674"]
[BlackFideId "2106698"]
[EventDate "2025.05.27"]

1. d4 Nf6 2. Nc3 d6 3. Bf4 g6 4. e4 Bg7 5. Qd2 O-O 6. Bh6 c5 7. Nf3 Nc6 8. d5
Nd4 9. Bxg7 Nxf3+ 10. gxf3 Kxg7 11. O-O-O b5 12. Bxb5 Rb8 13. Bc4 Qb6 14. b3 Ba6
15. Bxa6 Qxa6 16. Kb1 c4 17. f4 cxb3 18. cxb3 Rfc8 19. e5 Nd7 20. Qd4 Nc5 21.
exd6+ f6 22. dxe7 Nxb3 23. axb3 Rxb3+ 24. Kc2 Qa2+ 25. Kd3 Qa6+ 26. Kc2 Qa2+ 27.
Kd3 Qa6+ 28. Kc2 1/2-1/2

[Event "Titled Tue 27th May Late"]
[Site "chess.com INT"]
[Date "2025.05.27"]
[Round "6"]
[White "Kracht, Raphael"]
[Black "Skramstad, Oda Kofoed"]
[Result "0-1"]
[WhiteTitle "CM"]
[BlackTitle "WCM"]
[WhiteElo "2194"]
[BlackElo "1898"]
[WhiteFideId "16214382"]
[BlackFideId "1564862"]
[EventDate "2025.05.27"]

1. d4 Nf6 2. Bg5 d5 3. Bxf6 exf6 4. e3 Bd6 5. c4 dxc4 6. Bxc4 O-O 7. Nc3 a6 8.
h4 b5 9. Bd3 Re8 10. h5 h6 11. Nge2 Nd7 12. Qc2 Bb7 13. O-O Nf8 14. e4 Ne6 15.
f4 c5 16. d5 Nf8 17. Rae1 c4 0-1

[Event "Titled Tue 27th May Late"]
[Site "chess.com INT"]
[Date "2025.05.27"]
[Round "6"]
[White "Haug, Havard"]
[Black "Tekeyev, Zaur"]
[Result "1-0"]
[WhiteTitle "FM"]
[BlackTitle "IM"]
[WhiteElo "2354"]
[BlackElo "2417"]
[WhiteFideId "1547887"]
[BlackFideId "4199731"]
[EventDate "2025.05.27"]

1. e4 e5 2. Nf3 Nc6 3. d4 exd4 4. Nxd4 Nf6 5. Nxc6 bxc6 6. Bd3 d5 7. exd5 cxd5
8. O-O Be7 9. c4 d4 10. Nd2 O-O 11. Ne4 Bb7 12. Nxf6+ Bxf6 13. Bf4 c5 14. Qh5 g6
15. Qxc5 Qd7 16. Qd6 Qg4 17. f3 Qe6 18. Rfe1 Qxd6 19. Bxd6 Rfd8 20. Be7 Bxe7 21.
Rxe7 Bc6 22. b4 Ba4 23. c5 Kf8 24. Rb7 Bc6 25. Rc7 Rdc8 26. Rxc8+ Rxc8 27. b5
Bd5 28. Rc1 Ke7 29. a4 a5 30. b6 Bc6 31. Bb5 1-0

[Event "Titled Tue 27th May Late"]
[Site "chess.com INT"]
[Date "2025.05.27"]
[Round "6"]
[White "Gyurjinyan, Valter"]
[Black "Nayak, Rajesh"]
[Result "1-0"]
[WhiteTitle "CM"]
[BlackTitle "FM"]
[WhiteElo "2208"]
[BlackElo "2286"]
[WhiteFideId "13318179"]
[BlackFideId "35017152"]
[EventDate "2025.05.27"]

1. e4 c5 2. Nf3 d6 3. c3 g6 4. d4 cxd4 5. cxd4 Bg7 6. Nc3 Nf6 7. h3 O-O 8. Be2
Nc6 9. O-O d5 10. e5 Ne4 11. Be3 Bf5 12. Rc1 Rc8 13. Qb3 b6 14. Ba6 Na5 15. Qxd5
Nxc3 16. Qxd8 Rcxd8 17. Rxc3 f6 18. b4 fxe5 19. dxe5 Be4 20. bxa5 Bxf3 21. gxf3
Bxe5 22. Ra3 Rxf3 23. axb6 axb6 24. Kg2 Rf6 25. Rb1 Ra8 26. Bc4+ 1-0

[Event "Titled Tue 27th May Late"]
[Site "chess.com INT"]
[Date "2025.05.27"]
[Round "6"]
[White "Distaso, Antonio Pio"]
[Black "Caprio, Guido"]
[Result "0-1"]
[BlackTitle "IM"]
[WhiteElo "2253"]
[BlackElo "2435"]
[WhiteFideId "805548"]
[BlackFideId "834580"]
[EventDate "2025.05.27"]

1. e4 c5 2. Nf3 d6 3. Bb5+ Nd7 4. d4 cxd4 5. Qxd4 a6 6. Bxd7+ Bxd7 7. Nc3 Nf6 8.
Bg5 e5 9. Qd3 Bc6 10. O-O-O Rc8 11. Rhe1 Qc7 12. Bxf6 gxf6 13. Nd5 Bxd5 14. exd5
Qc4 15. Qf5 Be7 16. Kb1 h5 17. Re3 Qg4 18. Nh4 Qxd1# 0-1

[Event "Titled Tue 27th May Late"]
[Site "chess.com INT"]
[Date "2025.05.27"]
[Round "6"]
[White "Ehlvest, Jaan"]
[Black "Brancaleoni, Maurizio"]
[Result "1-0"]
[WhiteTitle "GM"]
[BlackTitle "FM"]
[WhiteElo "2532"]
[BlackElo "2185"]
[WhiteFideId "4500016"]
[BlackFideId "803022"]
[EventDate "2025.05.27"]

1. d4 Nf6 2. Nf3 b6 3. Bg5 Bb7 4. e3 g6 5. Nbd2 Bg7 6. Be2 O-O 7. O-O d6 8. c3
Nbd7 9. h3 Ne4 10. Nxe4 Bxe4 11. a4 a5 12. Nd2 Bb7 13. e4 h6 14. Bh4 g5 15. Bg3
e5 16. d5 f5 17. exf5 Rxf5 18. Nc4 Rf8 19. Bg4 Nf6 20. Be6+ Kh8 21. Ne3 Ne4 22.
Qc2 Nxg3 23. fxg3 Rf6 24. Rxf6 Bxf6 25. Qg6 Bg7 26. Rf1 1-0

[Event "Titled Tue 27th May Late"]
[Site "chess.com INT"]
[Date "2025.05.27"]
[Round "6"]
[White "Dovgaliuk, Oleksandr"]
[Black "Nicula, Marius"]
[Result "1-0"]
[BlackTitle "FM"]
[WhiteElo "2240"]
[BlackElo "2155"]
[WhiteFideId "14167247"]
[BlackFideId "1203096"]
[EventDate "2025.05.27"]

1. e4 Nf6 2. e5 Nd5 3. d4 d6 4. Bc4 c6 5. Nc3 Nxc3 6. bxc3 dxe5 7. Nf3 Bg4 8.
Nxe5 Qa5 9. Qxg4 Qxc3+ 10. Bd2 Qxa1+ 11. Ke2 f5 12. Qxf5 1-0

[Event "Titled Tue 27th May Late"]
[Site "chess.com INT"]
[Date "2025.05.27"]
[Round "6"]
[White "Arkell, Keith C"]
[Black "Deichmann, Esteban Horacio"]
[Result "0-1"]
[WhiteTitle "GM"]
[WhiteElo "2342"]
[BlackElo "2085"]
[WhiteFideId "400270"]
[BlackFideId "167410"]
[EventDate "2025.05.27"]

1. d4 c5 2. d5 g6 3. e4 Bg7 4. Nf3 d6 5. Bb5+ Bd7 6. a4 Nf6 7. Nc3 O-O 8. h3 e6
9. Bxd7 Qxd7 10. O-O Qe7 11. dxe6 fxe6 12. e5 dxe5 13. Nxe5 Nbd7 14. Nxd7 Nxd7
15. Be3 Rad8 16. Qe2 b6 17. Rad1 Nf6 18. Bg5 Qf7 19. Rd2 Rxd2 20. Qxd2 Nd5 21.
Nd1 Qf5 22. c3 Qe4 23. Re1 Qxa4 24. Rxe6 Rf5 25. Re8+ Qxe8 0-1